Normal view
MARC view
- سيريلانكا-وصف ورحلات
Entry Topical Term
001 - CONTROL NUMBER
- control field: 13722
003 - CONTROL NUMBER IDENTIFIER
- control field: JO-AjAnu
005 - DATE AND TIME OF LATEST TRANSACTION
- control field: 20230606072508.0
008 - FIXED-LENGTH DATA ELEMENTS
- fixed length control field: 230606|| aca||aabn | a|a d
040 ## - CATALOGING SOURCE
- Original cataloging agency: JO-AjAnu
- Transcribing agency: JO-AjAnu
150 ## - HEADING--TOPICAL TERM
- Topical term or geographic name entry element: سيريلانكا-وصف ورحلات
670 ## - SOURCE DATA FOUND
- Source citation: Work cat.: (JO-AjAnu)7057: بقلم العجلي، معن سناع, author 13721, هكذا كنت في سيلان